<?xml version="1.0" encoding="UTF-8"?>
<record
    xmlns:xsi="http://www.w3.org/2001/XMLSchema-instance"
    xsi:schemaLocation="http://www.loc.gov/MARC21/slim http://www.loc.gov/standards/marcxml/schema/MARC21slim.xsd"
    xmlns="http://www.loc.gov/MARC21/slim">

  <leader>00270nam a2200097Ia 4500</leader>
  <controlfield tag="008">230206s9999    xx            000 0 und d</controlfield>
  <datafield tag="041" ind1=" " ind2=" ">
    <subfield code="a">eng</subfield>
  </datafield>
  <datafield tag="100" ind1=" " ind2=" ">
    <subfield code="a">Nan Stone, Editor</subfield>
    <subfield code="9">119195</subfield>
  </datafield>
  <datafield tag="245" ind1=" " ind2=" ">
    <subfield code="a">Harvard Business Review</subfield>
  </datafield>
  <datafield tag="260" ind1=" " ind2=" ">
    <subfield code="c">1999</subfield>
    <subfield code="b">Harvard Business School Press</subfield>
    <subfield code="a">Canada</subfield>
  </datafield>
  <datafield tag="999" ind1=" " ind2=" ">
    <subfield code="c">97643</subfield>
    <subfield code="d">97643</subfield>
  </datafield>
  <datafield tag="952" ind1=" " ind2=" ">
    <subfield code="0">0</subfield>
    <subfield code="1">0</subfield>
    <subfield code="4">0</subfield>
    <subfield code="7">0</subfield>
    <subfield code="a">HIMR</subfield>
    <subfield code="b">HIMR</subfield>
    <subfield code="d">2014-06-14</subfield>
    <subfield code="e">Satya Gilani</subfield>
    <subfield code="h">July 99 to May 99 (Vol. 77 No. 1 to Vol. 77 No. 3)</subfield>
    <subfield code="l">0</subfield>
    <subfield code="o">658/STO BV0081</subfield>
    <subfield code="p">HIMR-BV-81</subfield>
    <subfield code="r">2023-02-06 00:00:00</subfield>
    <subfield code="w">2014-06-14</subfield>
    <subfield code="y">BV</subfield>
    <subfield code="z">BV0081</subfield>
  </datafield>
  <datafield tag="952" ind1=" " ind2=" ">
    <subfield code="0">0</subfield>
    <subfield code="1">0</subfield>
    <subfield code="4">0</subfield>
    <subfield code="7">0</subfield>
    <subfield code="a">HIMR</subfield>
    <subfield code="b">HIMR</subfield>
    <subfield code="d">2014-06-16</subfield>
    <subfield code="e">Satya Gilani</subfield>
    <subfield code="h">Jan. 2003 to July. 2003 (Vol. 81 no. 1 to Vol. 81 No. 7)</subfield>
    <subfield code="l">0</subfield>
    <subfield code="o">658/STE BV0117</subfield>
    <subfield code="p">HIMR-BV-117</subfield>
    <subfield code="r">2023-02-06 00:00:00</subfield>
    <subfield code="w">2014-06-16</subfield>
    <subfield code="y">BV</subfield>
    <subfield code="z">BV0117</subfield>
  </datafield>
  <datafield tag="952" ind1=" " ind2=" ">
    <subfield code="0">0</subfield>
    <subfield code="1">0</subfield>
    <subfield code="4">0</subfield>
    <subfield code="7">0</subfield>
    <subfield code="a">HIMR</subfield>
    <subfield code="b">HIMR</subfield>
    <subfield code="d">2014-06-14</subfield>
    <subfield code="e">Satya Gilani</subfield>
    <subfield code="h">July 99 to December 99 (Vol. 77 No. 4 to Vol. 77 No. 6)</subfield>
    <subfield code="l">0</subfield>
    <subfield code="o">658/CAR BV0080</subfield>
    <subfield code="p">HIMR-BV-80</subfield>
    <subfield code="r">2023-02-06 00:00:00</subfield>
    <subfield code="w">2014-06-14</subfield>
    <subfield code="y">BV</subfield>
    <subfield code="z">BV0080</subfield>
  </datafield>
  <datafield tag="952" ind1=" " ind2=" ">
    <subfield code="0">0</subfield>
    <subfield code="1">0</subfield>
    <subfield code="4">0</subfield>
    <subfield code="7">0</subfield>
    <subfield code="a">HIMR</subfield>
    <subfield code="b">HIMR</subfield>
    <subfield code="d">2014-06-16</subfield>
    <subfield code="e">Satya Gilani</subfield>
    <subfield code="h">Aug. 2003 to Dec. 2003 (Vol. 81 no. 8 to Vol. 81 No. 12)</subfield>
    <subfield code="l">0</subfield>
    <subfield code="o">658/STE BV0118</subfield>
    <subfield code="p">HIMR-BV-118</subfield>
    <subfield code="r">2023-02-06 00:00:00</subfield>
    <subfield code="w">2014-06-16</subfield>
    <subfield code="y">BV</subfield>
    <subfield code="z">BV0118</subfield>
  </datafield>
  <datafield tag="952" ind1=" " ind2=" ">
    <subfield code="0">0</subfield>
    <subfield code="1">0</subfield>
    <subfield code="4">0</subfield>
    <subfield code="7">0</subfield>
    <subfield code="a">HIMR</subfield>
    <subfield code="b">HIMR</subfield>
    <subfield code="d">2014-06-16</subfield>
    <subfield code="e">Satya Gilani</subfield>
    <subfield code="h">Jan. 2002 to Dec. 2002 (Vol. 80 No. 1 to Vol. 80 No. 12)</subfield>
    <subfield code="l">0</subfield>
    <subfield code="o">658/WEL BV0116</subfield>
    <subfield code="p">HIMR-BV-116</subfield>
    <subfield code="r">2023-02-06 00:00:00</subfield>
    <subfield code="w">2014-06-16</subfield>
    <subfield code="y">BV</subfield>
    <subfield code="z">BV0116</subfield>
  </datafield>
</record>
